| 000 | 00910nam2a2200265 4500 | ||
|---|---|---|---|
| 001 | RU\NLR\bibl\1846170 | ||
| 005 | 20250616173848.0 | ||
| 010 |
_a978-5-699-53134-9 _920000 |
||
| 021 |
_aRU _b2011-91568 _9592д/11 |
||
| 035 | _a(NLR Aleph) 001836602 | ||
| 090 |
_a2213854 _c2213854 |
||
| 100 | _a20111209d2011 |||y0rusy50 ca | ||
| 101 | 0 | _arus | |
| 102 | _aRU | ||
| 105 | _ay ||||||||| | ||
| 200 | 0 | _aТ. 2 | |
| 210 |
_d2011 _aБ. м. |
||
| 215 | _a317, [1] с. | ||
| 320 | _aДр. произведения авт. на 2-й с. | ||
| 461 | 0 |
_1001RU\NLR\bibl\1853532 _12001#$aЛичные мотивы$vТ. 2 _92304163 _aМаринина, А. Б. (1957-) _cМосква _d2011 _fАлександра Маринина _nЭксмо _o[роман : в 2 т.] _tЛичные мотивы _vТ. 2 |
|
| 801 | 0 |
_aRU _bNLR _c20111209 _gRCR |
|
| 801 | 1 |
_aRU _bNLR _c20111209 |
|
| 942 | _cBOOK | ||
| 980 | _aNB | ||